[Event "EU-Cup 29th"]
[Site "Rhodes"]
[Date "2013.10.25"]
[Round "6.6"]
[White "Giri, Anish"]
[Black "Bartel, Mateusz"]
[Result "1-0"]
[WhiteElo "2749"]
[BlackElo "2638"]
[Annotator "Gormally,D"]
[PlyCount "45"]
[EventDate "2013.10.20"]
[EventType "team-swiss"]
[EventRounds "7"]
[EventCountry "GRE"]
[SourceTitle "CBM 157"]
[Source "ChessBase"]
[SourceDate "2013.11.12"]
[SourceVersion "1"]
[SourceVersionDate "2013.11.12"]
[SourceQuality "1"]
[WhiteTeam "SOCAR"]
[BlackTeam "Novy Bor"]
[WhiteTeamCountry "AZE"]
[BlackTeamCountry "CZE"]

1. Nf3 d5 2. d4 a6 {Not a very common line of course. Black is keen to explore
new waters, perhaps mindful of Giri's growing reputation as a theoretical
expert.} 3. Bg5 (3. c4 dxc4 {Would at least make sense of Black's second move,
as now he can transpose into a variation of the queens gambit accepted.} (3...
c6 {would transpose into the ...a6 slav after a normal move like} 4. Nc3 (4.
Bg5 $5 dxc4 5. e4 b5 6. b3 cxb3 7. Qxb3 {with interesting play for the pawn})
4... Nf6)) (3. Bf4 {has also been played, with some success.}) 3... c6 {
Black wants to develop the queen to b6, to target the weakened b2 pawn, but I
don't think this idea is very successful.} (3... Bg4 $5 {had already been
tried.} 4. Qd3 ({of course this position is completely unexplored (how rare in
chess these days!) and pretty much any moves are possible here,} 4. e3) (4.
Nbd2) (4. c4 {to name a few}) 4... Nc6 5. Nbd2 Qd7 6. c4 e6 7. cxd5 exd5 8. Rc1
{With an unusual opening that is similar to a Chigorin defence in the game
Sasikiran,K (2700)-Socko,B (2636) Moscow 2012}) 4. e3 Qb6 $6 5. Bd3 $1 {
Preventing the bishop from reaching it's ideal square on f5.} ({the meek} 5.
Qc1 {had already been tried in a game. Of course there is nothing wrong with
this move, and White's position in general, but it's not as testing as Giri's
choice.} Bf5 $1 {it is important to take the chance to place the bishop
outside of it's pawn chain} 6. c4 e6 7. Nc3 Nd7 8. Be2 h6 9. Bh4 Be7 10. Bxe7
Nxe7 {Black had more or less equalised and later won in the game Girya,O (2414)
-Shen,Y (2425) St Petersburg 2012}) 5... Qxb2 {Black is pretty much committed
to this now, otherwise his preceding moves would look ridiculous, but the
difference in qualitive development is now obvious.} 6. Nbd2 {White now has
four pieces in play to just one from black, and that is the queen as well (we
all know the early lessons about bringing our queen out too early)  If you
looked at the game without knowing the players, you'd assume that the player
with the black pieces is just a beginner. However in the computer era it is
well-known that it is possible to grab many pawns that in previous times would
have been considered almost suicidal. But four pieces to one is just too much,
even for computers, and this can safely be filed away under opening
experiments labelled "dubious"} Qa3 7. O-O Bg4 (7... Nf6 {would at least have
belatedly began the job of developing the kingside.} 8. e4 $1 {however, sets a
nasty trap;} dxe4 $2 (8... e6 {and white will have superb compensation for the
pawn after simple development with} 9. Qe2) 9. Nc4 $1 Qa4 10. Nb6 Qa5 11. Nxa8
exd3 12. Bf4 {and White wins.}) 8. Qb1 $1 {revealing the problem with the last
move, now the black queenside becomes a target.} b5 9. c4 $1 (9. Ne5 {also
looks quite strong.} Bc8 10. Bh4 $16) 9... Bxf3 (9... e6 $2 {would be one
liberty too many-} 10. Ne5 $1 ({the simple} 10. cxd5 exd5 11. e4 {is also very
good}) 10... Bh5 11. cxd5 exd5 (11... cxd5 $2 12. Qxb5+ $3 (12. Bxb5+ {works
as well but is not as beautiful!}) 12... axb5 13. Bxb5+ Nc6 14. Bxc6#) {
and now the "materialistic"} 12. Bxh7 $1 {looks very strong after which White
has a multitude of threats- Qf5, Bxg8 and g4 etc.}) (9... dxc4 10. Nxc4 bxc4
11. Qb7 cxd3 12. Qxa8 {and black's entire queenside will soon be wiped out,
with the king to follow...}) 10. Nxf3 dxc4 11. Bxc4 e6 12. e4 Be7 13. Bc1 Qa5 (
13... Qb4 14. Bb3 $16) 14. d5 $6 {of course when your opponents king is stuck
in the center like this, you immediately start to think of ways to wipe him
out as quickly as possible, so trying to open more lines is very natural. But
this may have been premature.  Doubtless Giri was attracted to the variation
that occurred in the game, but Black had better ways to defend as we shall see.
} (14. Bd2 $1 Qc7 15. Bd3 {was a simpler alternative. White retains superb
compensation for one measly pawn.} Nd7 16. a4 b4 17. e5 {and the white bishops
dominate the board.}) 14... exd5 $2 {Fortunately for Giri, his opponent on
this occasion was not willing to play the role of "party pooper"} ({it is
possible that both players overlooked the strength of} 14... cxd5 $142 $1 {
here.} 15. Bb3 $5 (15. exd5 $4 bxc4 16. Qb7 Qxd5 $1 {would be embarrasing}) (
15. Bd2 Qd8 16. Bd3 Nf6 17. a4 bxa4 $1 (17... dxe4 $2 18. Bxe4 Nxe4 19. Qxe4
Qd5 20. Qxd5 exd5 21. axb5 {is just tremendous for White}) 18. Rxa4 dxe4 19.
Bxe4 Nxe4 20. Qxe4 {but after the resolute} Qd5 $1 {white's compensation for
his material deficit, is much more questionable than in the game;}) 15... Nf6
16. exd5 Nxd5 17. Bxd5 exd5 18. Re1 Nc6 19. Bg5 f6 20. Bf4 O-O 21. Qf5 {
is possible, with some pressure, although this is unlikely to lead to much
more than equality for white (if he is lucky) after a continuation like} Rac8
22. Rac1 Bb4 $1) ({the greedy} 14... Bf6 $2 {is of course not recommended} 15.
dxe6 bxc4 (15... fxe6 16. Bxe6 Bxa1 17. Qxa1 Qc7 18. Ba3 {resembles one of
those 19th century swashbuckling games})) 15. exd5 {now white is back on track.
} Nf6 16. d6 $1 {displacing the enemy king.} Bxd6 17. Re1+ Kf8 18. Qf5 $1 Nbd7
19. Bxf7 $3 $40 {nicely calculated.} Ne5 {White is winning by force in all
lines, for example:} (19... Kxf7 20. Ng5+ Kf8 21. Qe6 $18) (19... g6 20. Bh6+
Kxf7 21. Qe6#) 20. Rxe5 $1 Bxe5 21. Bb3 {the black king is too exposed to
survive.} Re8 (21... Bxa1 {enables White to start an old-fashioned king-hunt;}
22. Qc5+ $1 (22. Qe6 $2 Ra7 $1) 22... Ke8 23. Qxc6+ Ke7 24. Qb7+ $1 Nd7 (24...
Kd6 25. Bf4+ Kc5 26. Qe7+ Kc6 27. Qe6+ Kb7 28. Bd5+ $1 {is also deadly}) 25.
Qe4+ Kd6 26. Bf4+ Kc5 27. Qd5+ {and it's mate in four.}) 22. Be3 b4 23. Bf4 {
a nice attacking game!} 1-0

[Event "Ischia"]
[Site "Ischia"]
[Date "1996.??.??"]
[Round "9"]
[White "Ftacnik, Lubomir"]
[Black "Smirin, Ilia"]
[Result "1/2-1/2"]
[WhiteElo "2585"]
[BlackElo "2615"]
[Annotator "Greenfeld,A"]
[PlyCount "78"]
[EventDate "1996.06.??"]
[EventType "tourn"]
[EventRounds "9"]
[EventCountry "ITA"]
[EventCategory "14"]
[SourceTitle "CBM 054"]
[Source "ChessBase"]
[SourceDate "1996.10.01"]
[SourceVersion "1"]
[SourceVersionDate "1996.10.01"]
[SourceQuality "1"]

1. d4 Nf6 2. Nf3 c5 3. c3 {In this last round game Ftacnik was satisfied with
a draw, that would guarantee him shared first place, while Smirin looked for
his first win in the tournament.} e6 4. Bf4 Qb6 5. Qb3 Nc6 6. e3 d5 7. Nbd2 Bd7
$5 8. Be2 (8. Qxb6 axb6 9. Bc7 b5 $1 10. dxc5 (10. Bxb5 Nxd4) 10... b4 $44) (8.
h3) 8... Qxb3 9. axb3 Nh5 10. Bc7 $5 (10. Bg3 Nxg3 {^^}) 10... Rc8 11. Ne5 Rxc7
(11... Nf6 12. Nxd7 $10) 12. Nxd7 cxd4 $5 (12... Nf4 $2 13. Nxf8 Nxg2+ 14. Kf1
Nh4 15. Nxe6 fxe6 16. dxc5) (12... Kxd7 13. Bxh5 $10) 13. Nxf8 $1 (13. cxd4 Nf4
$1) 13... dxc3 14. Nxe6 cxd2+ 15. Kxd2 fxe6 16. Bxh5+ $10 Ke7 17. Be2 (17. Rhc1
Rf8 18. f4) 17... Rf8 18. f3 Nb4 $5 19. Bd3 (19. Rxa7 $2 Rc2+ 20. Ke1 (20. Kd1
Rfc8) 20... Nd3+ $1 $17) 19... a6 $5 (19... Nxd3 $10) 20. Rac1 (20. Bxh7 $2 g6
$1 $17) 20... Rxc1 21. Rxc1 Kd6 22. h4 (22. Bxh7 $6 Rh8) 22... h6 23. f4 g5 $5
24. fxg5 hxg5 25. h5 $1 Rf2+ 26. Be2 Rxg2 27. Rh1 Rf2 28. h6 Rf8 29. h7 Rh8 30.
Rh6 $44 {o^ ><e6} Nc6 31. Bg4 Nd8 32. Kd3 Ke7 33. e4 dxe4+ 34. Kxe4 Kf7 35. Ke5
Kg7 36. Rh5 Kg6 37. Rh2 Rxh7 38. Rxh7 Kxh7 39. Kd6 Kg6 (39... Kg6 40. Kc7 Nc6
41. Bxe6 $10) 1/2-1/2

[Event "GER-ch 75th"]
[Site "Hoeckendorf"]
[Date "2004.02.03"]
[Round "5"]
[White "Schebler, Gerhard"]
[Black "Gustafsson, Jan"]
[Result "0-1"]
[WhiteElo "2480"]
[BlackElo "2572"]
[Annotator "Gutman,L"]
[PlyCount "58"]
[EventDate "2004.01.30"]
[EventType "swiss"]
[EventRounds "9"]
[EventCountry "GER"]
[SourceTitle "CBM 100"]
[Source "ChessBase"]
[SourceDate "2004.06.01"]
[SourceVersion "1"]
[SourceVersionDate "2004.06.01"]
[SourceQuality "1"]

1. Nf3 d5 2. g3 Bg4 3. Bg2 Nd7 4. d4 e6 5. O-O Ngf6 6. Nbd2 (6. c4 c6 7. Qb3
Qb6 8. Nc3) 6... Be7 7. Re1 O-O 8. e4 c5 $5 9. exd5 Nxd5 10. Nc4 Qc7 11. Ne3
Nxe3 12. Bxe3 Rfd8 13. Qe2 Bf6 14. Rad1 Rac8 15. h3 Bh5 16. Qb5 a6 17. Qb3 cxd4
18. Bxd4 e5 19. Be3 b5 20. Rd2 h6 21. Nh2 (21. a4 Nc5 22. Bxc5 Qxc5 23. axb5
axb5 24. c3) 21... Nb6 22. Rxd8+ Rxd8 23. Nf1 (23. Ng4 $5 Bxg4 24. hxg4) 23...
Nc4 24. c3 Bg6 25. a4 bxa4 26. Qxa4 Nxb2 27. Qxa6 Nd3 28. Rd1 Qxc3 29. Nd2 Nb2
0-1

[Event "Politiken Cup 18th"]
[Site "Copenhagen"]
[Date "1996.??.??"]
[Round "7"]
[White "Hansen, Lars Bo"]
[Black "Wells, Peter K"]
[Result "1/2-1/2"]
[WhiteElo "2565"]
[BlackElo "2495"]
[Annotator "Hansen,LB"]
[PlyCount "89"]
[EventDate "1996.06.??"]
[EventType "swiss"]
[EventRounds "11"]
[EventCountry "DEN"]
[SourceTitle "CBM 054"]
[Source "ChessBase"]
[SourceDate "1996.10.01"]
[SourceVersion "1"]
[SourceVersionDate "1996.10.01"]
[SourceQuality "1"]

1. Nf3 d5 2. g3 c6 (2... Bg4 3. Bg2 Nd7 4. d4 e6 5. O-O Ngf6 6. Nbd2 Be7 7. Re1
O-O 8. e4 c5 $5 9. exd5 Nxd5 10. h3 Bh5 11. dxc5 Nxc5 12. a3 Qc7 13. Qe2 Rfd8
14. Nf1 a5 $13 {Speelman,J-Kramnik,V/Geneva PCA-rapid/1996/}) 3. Bg2 Bg4 4. O-O
Nd7 5. d4 {A Speelman speciality. Despite its innocous appearance Speelman has
beaten players like Kramnik, Dreev, Rublevsky and Zsuzsa Polgar with this line!
} e6 6. Nbd2 Ngf6 7. Re1 Be7 8. e4 dxe4 9. Nxe4 a5 $5 (9... O-O 10. c3 Bf5 (
10... Re8 11. Qb3 Qb6 12. Ned2 c5 13. h3 Bh5 14. Qxb6 axb6 15. Ne5 cxd4 16.
Nxd7 Nxd7 17. cxd4 Ra7 18. Ne4 $14 {Speelman,J-Dreev,A/Geneva PCA-rapid/1996/})
11. Nxf6+ Bxf6 12. Bf4 Re8 13. Ne5 Nxe5 14. Bxe5 Bxe5 15. Rxe5 $14 {Hansen,
LB-Pyda,Z/Copenhagen Politiken Cup/1996/}) 10. a4 O-O 11. c3 Nxe4 12. Rxe4 Nf6
13. Re1 Qb6 14. h3 Bxf3 15. Bxf3 $14 {^^} Nd5 16. Qc2 Rfd8 $6 (16... Rad8 $142
$5 {/\ Rfe8, Bf6,e5}) 17. Bd2 Rd7 18. Rad1 Bf6 19. Bc1 Rad8 20. h4 c5 $2 {
>< /^ h1-a8} 21. dxc5 Qxc5 22. Qb3 $16 g6 23. Bh6 Bg7 24. Bg5 $1 Rc8 25. Bxd5
$5 {Maybe this could wait.} exd5 26. Be3 Qc4 $1 {>< a4} 27. Qxc4 Rxc4 $138 28.
Bb6 h5 29. Bxa5 Rxa4 30. Bb6 Rd6 31. Re8+ Kh7 32. Bc5 Rd7 33. Re2 $1 {/\ Red2
>< d5} Rc4 34. Bb6 $1 (34. Be3 b5 $1 {/\ b4<=>}) 34... Rd6 {>< Rd6} 35. Ba7 d4
$5 (35... b5 36. Red2 $16 {/\} b4 37. cxb4 Rxb4 $2 38. Bc5 $18) 36. cxd4 b6 37.
d5 Rc5 38. Re7 $2 $138 (38. b4 $1 Rb5 (38... Rcxd5 39. Rxd5 Rxd5 40. Bxb6 Bf8
41. Rb2 Rb5 42. Ba5 $16) 39. Re7 $16) 38... Rcxd5 39. Rxd5 Rxd5 40. Rxf7 Rb5 $1
$10 41. Rb7 Rxb2 42. Kg2 Kg8 43. Rxb6 Rxb6 44. Bxb6 Kf7 45. f3 1/2-1/2

[Event "DEN-chT 9596"]
[Site "Denmark"]
[Date "1996.??.??"]
[Round "7"]
[White "Hansen, Lars Bo"]
[Black "Rasmussen, Karsten"]
[Result "1-0"]
[WhiteElo "2565"]
[BlackElo "2440"]
[Annotator "Hansen,LB"]
[PlyCount "63"]
[EventDate "1995.??.??"]
[EventType "team"]
[EventRounds "7"]
[EventCountry "DEN"]
[SourceTitle "EXT 2000"]
[Source "ChessBase"]
[SourceDate "1999.11.16"]
[SourceVersion "1"]
[SourceVersionDate "1999.11.16"]
[SourceQuality "1"]

1. Nf3 d5 2. g3 c6 3. Bg2 Bg4 4. O-O Nd7 5. d4 e6 6. Nbd2 Ngf6 7. Re1 Be7 8. e4
dxe4 9. Nxe4 Nxe4 10. Rxe4 Nf6 11. Re1 O-O 12. c3 Qb6 13. Qb3 Rfd8 (13... Bxf3
14. Bxf3 $14) 14. Ne5 Bf5 15. Nc4 Qa6 $5 {>< Qa6} (15... Qxb3 $6 16. axb3 $16 {
/\ Na5}) (15... Qc7 16. Bf4 Qc8 $14) 16. a4 Nd5 17. Bd2 Nb6 18. Ne5 Nd7 19. g4
$1 Bg6 (19... Nxe5 20. gxf5 $16 {>< <-> e}) 20. Nxd7 Rxd7 21. Rxe6 $1 Bc2 $1 (
21... fxe6 22. Qxe6+ $18) (21... Qd3 22. Rae1 $1 Qxd2 (22... fxe6 23. Qxe6+ Bf7
24. Qxd7 Qxd2 25. Rxe7 Qd1+ 26. Bf1 $18) 23. Rxe7 Rxe7 24. Rxe7 Qc1+ 25. Bf1
$16 {/\} Bd3 $4 26. Qxf7+ Kh8 27. Qxg7#) 22. Qxc2 $1 (22. Qa2 $5 Qxa4 (22...
Qd3 $5) 23. Qxa4 Bxa4 24. Rxe7 $1 Rxe7 25. Rxa4 Re2 26. Be3 Rxb2 27. h3 a5 28.
d5 $1 $16) 22... fxe6 23. Bf1 $1 Qb6 24. Bd3 g6 $2 (24... c5 $1 $8 25. Bxh7+
Kf8 26. Be3 $36) 25. Re1 $1 Bd6 26. Bc4 $1 Kg7 27. Bxe6 Re7 28. c4 $1 $18 Qc7
29. d5 Bf4 30. Qc3+ Kh6 31. g5+ $1 Bxg5 (31... Kxg5 32. Qg3+ $18) 32. Qh3+ 1-0

[Event "Manila zt 3.2a"]
[Site "Manila"]
[Date "2001.04.25"]
[Round "2"]
[White "Juswanto, Denny"]
[Black "Garma, Chito"]
[Result "1-0"]
[WhiteElo "2487"]
[BlackElo "2400"]
[Annotator "Hecht,H"]
[PlyCount "135"]
[EventDate "2001.04.24"]
[EventType "swiss"]
[EventRounds "9"]
[EventCountry "PHI"]
[SourceTitle "CBM 083"]
[Source "ChessBase"]
[SourceDate "2001.07.05"]
[SourceVersion "1"]
[SourceVersionDate "2001.07.05"]
[SourceQuality "1"]

1. d4 d5 2. Nf3 c5 3. c3 Nc6 4. g3 Bf5 5. dxc5 a5 6. Nd4 Bd7 7. Bg2 e6 8. Nxc6
Bxc6 9. Be3 Nf6 10. O-O h5 11. h3 h4 12. g4 Nd7 13. c4 dxc4 14. Bxc6 bxc6 15.
Qa4 Qc8 16. Nd2 c3 17. bxc3 Nxc5 18. Qc4 Nd7 19. Bg5 Qa6 20. Rab1 Bc5 21. Qxa6
Rxa6 22. Ne4 Be7 23. Bxe7 Kxe7 24. Rb7 Rb6 25. Ra7 Rb5 26. c4 Re5 27. f3 f5 28.
Rd1 Rd8 29. gxf5 exf5 30. Nc3 Ke8 31. Kf2 Nb6 32. Rxd8+ Kxd8 33. Rxg7 Nxc4 {
[#] Effektive weiße Turm- und Springerbewegungen, um die schwarzen Figuren
fern zu halten.} 34. Rh7 Re3 35. Nb1 $1 {gibt dem Turm keine Chance...} Re5 36.
Rxh4 Ne3 37. Rd4+ Kc7 38. Nc3 {...auch der Springer hat sich auf e3 eher
verlaufen.} Nc2 39. Rc4 Ne3 40. Ra4 Nc2 41. h4 Rc5 42. Nd1 Nb4 43. a3 Nd5 44.
Ne3 Nb6 (44... Ne7 45. f4 $1 (45. Nc4 f4) 45... Kd7 46. h5 Ke6 47. h6 Kf6 48.
Rd4 Nd5 49. Nxf5 $1) 45. Rd4 a4 46. f4 {[%csl Rf5]} Rc1 47. Rd1 Rc3 48. h5 Nd7
49. Rd3 (49. h6 $1 Nf6 50. Rh1 Ne4+ (50... Nh7 51. Rg1 $18) 51. Kg2 Rxe3 52. h7
Rxe2+ 53. Kf3 Ra2 54. h8=Q Rxa3+ 55. Kg2 Ra2+ 56. Kf3 Ra3+ 57. Ke2 Ng3+ 58. Kd2
Nxh1 59. Qxh1 $18) 49... Rc1 50. Nxf5 Rh1 51. Ng7 Nf6 52. Rd4 (52. Kg2 $5 Rh4
53. Rh3 Rg4+ 54. Rg3 Rh4 55. Rg5) 52... Rh2+ 53. Ke1 (53. Kg3 $142) 53... c5
54. Rxa4 Kb6 55. Kd2 Kb5 56. Ra8 Rh3 (56... Kc4 57. a4 Nxh5 58. Rh8 Ng3 59.
Rxh2 Nf1+ 60. Kc2 Nxh2 61. Ne6 $18) 57. Nf5 Ne4+ 58. Kc2 Rxh5 59. Re8 Nf6 60.
Re5 {[%cal Rf5d6]} Rh3 61. Nd4+ Kc4 62. Nf3 {sperrt den Turm aus} Ng4 63. Re8
Nf6 64. Rd8 Nd5 (64... Rg3 65. Ne5+ Kb5 66. Rb8+ Ka4 67. Nd3 Ne4 68. Nb2+ Ka5 (
{Taktisch geht es bei} 68... Kxa3 69. Ra8+ Kb4 70. Ra4+ Kb5 71. Rxe4 $18 {zu})
69. e3 $1 Nd6 70. Kd3 $18) 65. Nd2+ Kd4 66. e4 Rxa3 67. Rxd5+ Ke3 68. Nc4+ ({
einfacher ist} 68. f5 {[%cal Rf5f6,Re4e5]}) (68. Nc4+ Kxe4 69. Nxa3 Kxd5 70.
Kd3 $18) 1-0

[Event "Olympiad-31"]
[Site "Moscow"]
[Date "1994.12.15"]
[Round "14.3"]
[White "Speelman, Jonathan S"]
[Black "Rublevsky, Sergei"]
[Result "1-0"]
[WhiteElo "2600"]
[BlackElo "2565"]
[Annotator "Hecht,H"]
[PlyCount "113"]
[EventDate "1994.12.01"]
[EventType "team-swiss"]
[EventRounds "14"]
[EventCountry "RUS"]
[SourceTitle "CBM 045"]
[Source "ChessBase"]
[SourceDate "1995.04.01"]
[SourceVersion "1"]
[SourceVersionDate "1995.04.01"]
[SourceQuality "1"]
[WhiteTeam "England"]
[BlackTeam "Russia II"]
[WhiteTeamCountry "ENG"]
[BlackTeamCountry "RUS"]

1. Nf3 d5 2. g3 Bg4 3. Bg2 Nd7 4. O-O c6 5. d4 Ngf6 6. Nbd2 e6 7. Re1 Be7 8. e4
O-O 9. c3 c5 10. exd5 Nxd5 11. Nc4 Rc8 12. Ne3 Nxe3 13. Bxe3 Nf6 14. Qb3 Bxf3
15. Bxf3 b6 16. Rad1 c4 17. Qa4 Rc7 18. Bg5 Qd7 19. Qxd7 Rxd7 20. a4 h6 21.
Bxf6 Bxf6 22. d5 exd5 23. Rxd5 Rc7 24. Re4 g6 25. Be2 Rfc8 26. a5 bxa5 27. Rxa5
Kg7 28. Kf1 Bg5 29. Ra1 h5 30. h4 Bf6 31. Ra4 Kf8 32. Ra6 Be7 33. Rf4 Kg7 34.
Ra4 Rb8 35. Bxc4 Bf6 36. Ra2 Rcb7 37. Ra6 Rb6 38. Rxa7 R8b7 39. Rxb7 Rxb7 40.
Bd5 Rxb2 41. c4 Rc2 42. Rf3 Rc3 43. Rxc3 Bxc3 44. c5 $14 {The weak black pawns
give White winning chances in this engame with Bs of different colours. At the
end White manages to win with zugzwang motivs.} Kf6 45. c6 Ba5 46. f3 Ke7 47.
Kg2 Bd8 48. f4 Bb6 49. Kf3 Bc7 (49... f5 $142 $1 {Looks drawish}) 50. Bb3 Ba5
51. Ke4 Bb6 52. Kd5 Bf2 (52... f5 $142 $5) 53. Ba4 Bb6 (53... Kd8 54. Kd6 $18)
54. Bb5 Ba5 55. Kc5 Kd8 56. Bc4 Be1 (56... Ke7 57. Kb5 Bc7 58. Ka6 Kd6 59. Kb7
f6 60. Bf7 g5 61. fxg5 fxg5 62. hxg5 $18) 57. Kb6 1-0

[Event "ROM-ch"]
[Site "Bucharest"]
[Date "1998.12.13"]
[Round "6"]
[White "Negulescu, Adrian"]
[Black "Szuhanek, Ranko"]
[Result "1-0"]
[WhiteElo "2465"]
[BlackElo "2400"]
[Annotator "Hecht,H"]
[PlyCount "160"]
[EventDate "1998.12.08"]
[EventType "tourn"]
[EventRounds "15"]
[EventCountry "ROU"]
[EventCategory "9"]
[SourceTitle "CBM 069"]
[Source "ChessBase"]
[SourceDate "1999.04.01"]
[SourceVersion "1"]
[SourceVersionDate "1999.04.01"]
[SourceQuality "1"]

1. d4 d5 2. Nf3 c6 3. Bf4 Qb6 4. Qc1 Nf6 5. e3 Bf5 6. Be2 e6 7. O-O h6 8. c4
Nbd7 9. h3 Be7 10. c5 Qd8 11. b4 a6 12. Nc3 Ne4 13. Nxe4 Bxe4 14. a4 O-O 15.
Qb2 Re8 16. b5 Bxf3 17. Bxf3 e5 18. Bg3 Bf6 19. bxc6 bxc6 20. Qb7 exd4 21. exd4
Bxd4 22. Rad1 Nxc5 23. Qxc6 Rc8 24. Qxd5 Qxd5 25. Bxd5 Bc3 26. Rc1 Nd3 27. Rb1
Rc5 28. Bb7 a5 29. Rb3 Nb4 30. Rc1 Re1+ 31. Rxe1 Bxe1 32. Re3 Bc3 33. Re8+ Kh7
34. Re7 Kg8 35. h4 g6 36. Bf4 Bf6 37. Rc7 Nd3 38. Ba6 Rxc7 39. Bxc7 Nc5 40. Bb5
Bc3 41. g3 Kg7 42. Kg2 Kf6 43. Bb6 Bb4 44. Kf3 Ke5 45. Be8 f6 46. Bxg6 Nxa4 47.
Be3 Nc3 48. Bxh6 a4 49. Bf4+ Ke6 50. Bc2 Ba3 51. Bd2 Bb2 52. Bxc3 Bxc3 53. Bxa4
{[#] Die Remismerkmale sind abgesehen von den ungleichen Läufern a) die
geringe Bauernzahl, b) der weiße Läufer beherrscht nicht das Umwandlungsfeld
des Randbauern. Schwarz läßt mehrfach ein klares Remis aus, verhält sich statt
desse zu passiv und läßt auch noch die Umgehung seiner Stellung durch den
König zu. Erst danach ist er definitiv verloren. Ein Lehrstück für nachlässige
Verteidigung.} f5 54. Kg2 Kf6 55. f4 (55. f3 Bd2 56. g4 fxg4 57. fxg4 Bc1 $11)
55... Be1 {[%mdl 20480]} (55... Bb4 56. h5 Bf8 57. Kf3 Bh6 58. Bd7 Bf8 59. Bxf5
Kxf5 60. g4+ Kf6 61. Ke4 Bh6 62. Kf3 (62. Ke3 Bf8 63. Kf3 Bg7 64. Kg3 Bh6 $11)
62... Bf8 63. g5+ Kf5 64. h6 Bb4 65. Kg3 Bd2 $11 {Stehen alle Steine eine
Reihe weiter oben bei sinnvoll veränderter Position aller Steine, so ist die
Stellung remis, selbst wenn Weiß noch über den ungleichfarbigen Läufer verfügt.
Siehe dazu Studienfall 2}) 56. h5 Bc3 57. Bc2 Bb4 58. h6 Bf8 {[%mdl 20480]} (
58... Kg6 59. Bxf5+ Kxh6 60. g4 Be7 61. Kf3 Bf6 62. Ke4 Bd8 63. Bd7 Be7 64. Kf5
Kg7 65. g5 Bd8 66. Kg4 Be7 67. f5 $11 {der Läufer pendelt zwischen e7 und d8
und greift ständig g5 an, so daß der weiße König e6 nicht erreichen kann.}) 59.
h7 Bg7 60. Kh3 Bh8 61. Kh4 Bg7 62. Kh3 Bh8 {[%mdl 20480]} (62... Kg6 63. g4
Kxh7 64. Bxf5+ Kh8 65. Kh4 Bc3 66. Kg5 Kg7 67. Bd3 Bd2 68. Kf5 Bc1 69. g5 Ba3
70. Ke6 Bc1 71. Kf5 Ba3 72. Kg4 Be7 $11) 63. Kg2 Ke6 64. Kf3 Bd4 65. Ke2 Bg7
66. Kd3 Bh8 67. Kc4 Bg7 68. Kc5 Bc3 69. Bb3+ Ke7 70. Kd5 Bg7 71. Bc2 Kf6 72.
Bd3 {[#]} Bh8 {Hier scheint Kg6 zu spät zu sein, weil der weiße König die
schwarze Stellung bereits fast vollständig umgangen hat.} (72... Kg6 73. Ke6 (
73. g4 Kxh7 74. g5 Bc3 75. Bxf5+ Kg7 $11) 73... Kxh7 (73... Bc3 74. Bxf5+ Kg7
75. Be4 Be1 76. g4 Bd2 77. f5 Bg5 78. f6+ Bxf6 79. h8=Q+ $18) 74. Bxf5+ (74.
Kf7 $1 {siehe auch die Partiefortsetzung} Kh6 75. Bxf5 Bd4 76. g4 $18) 74...
Kh6 75. g4 Bc3 76. g5+ Kg7 77. Bd3 Bd2 $11) 73. Kd6 Bg7 74. Kd7 Kg6 75. Ke6
Kxh7 76. Kf7 Bd4 77. g4 Kh8 78. g5 Be3 79. g6 Bd4 80. Bxf5 Be5 (80... Be5 81.
Bd3 Bd4 82. f5 Be5 83. f6 $18) 1-0